Inorganic Drugs as a Tool for Protein Structure Solving and Studies on Conformational Changes

Inorganic drugs are capable of tight interactions with proteins through coordination towards aminoacidic residues, and this feature is recognized as a key aspect for their pharmacological action. However, the “protein metalation process” is exploitable for solving the phase problem and structural re...

Teljes leírás

Elmentve itt :
Bibliográfiai részletek
Szerzők: Tolbatov I.
Marrone A.
Shepard W.
Chiaverini L.
Upadhyay Kahaly Mousumi
La Mendola D.
Marzo T.
Ciccone L.
Dokumentumtípus: Cikk
Megjelent: 2023
Sorozat:CHEMISTRY-A EUROPEAN JOURNAL 29 No. 16
Tárgyszavak:
doi:10.1002/chem.202202937

mtmt:33773822
Online Access:http://publicatio.bibl.u-szeged.hu/36614
LEADER 01794nab a2200301 i 4500
001 publ36614
005 20250430121246.0
008 250430s2023 hu o 000 eng d
022 |a 0947-6539 
024 7 |a 10.1002/chem.202202937  |2 doi 
024 7 |a 33773822  |2 mtmt 
040 |a SZTE Publicatio Repozitórium  |b hun 
041 |a eng 
100 1 |a Tolbatov I. 
245 1 0 |a Inorganic Drugs as a Tool for Protein Structure Solving and Studies on Conformational Changes  |h [elektronikus dokumentum] /  |c  Tolbatov I. 
260 |c 2023 
300 |a 9 
490 0 |a CHEMISTRY-A EUROPEAN JOURNAL  |v 29 No. 16 
520 3 |a Inorganic drugs are capable of tight interactions with proteins through coordination towards aminoacidic residues, and this feature is recognized as a key aspect for their pharmacological action. However, the “protein metalation process” is exploitable for solving the phase problem and structural resolution. In fact, the use of inorganic drugs bearing specific metal centers and ligands capable to drive the binding towards the desired portions of the protein target could represent a very intriguing and fruitful strategy. In this context, a theoretical approach may further contribute to solve protein structures and their refinement. Here, we delineate the main features of a reliable experimental-theoretical integrated approach, based on the use of metallodrugs, for protein structure solving. © 2022 Wiley-VCH GmbH. 
650 4 |a Fizikai tudományok 
700 0 1 |a Marrone A.  |e aut 
700 0 1 |a Shepard W.  |e aut 
700 0 1 |a Chiaverini L.  |e aut 
700 0 2 |a Upadhyay Kahaly Mousumi  |e aut 
700 0 2 |a La Mendola D.  |e aut 
700 0 2 |a Marzo T.  |e aut 
700 0 2 |a Ciccone L.  |e aut 
856 4 0 |u http://publicatio.bibl.u-szeged.hu/36614/1/33773822.pdf  |z Dokumentum-elérés